A short calculus: (Record no. 181006)
[ view plain ]
| 000 -LEADER | |
|---|---|
| fixed length control field | 00882 a2200205 4500 |
| 003 - CONTROL NUMBER IDENTIFIER | |
| control field | Nust |
| 005 - DATE AND TIME OF LATEST TRANSACTION | |
| control field | 20170207153201.0 |
| 010 ## - LIBRARY OF CONGRESS CONTROL NUMBER | |
| LC control number | 73091644 |
| 020 ## - INTERNATIONAL STANDARD BOOK NUMBER | |
| International Standard Book Number | 0876208421 |
| 040 ## - CATALOGING SOURCE | |
| Transcribing agency | Nust |
| 082 00 - DEWEY DECIMAL CLASSIFICATION NUMBER | |
| Classification number | 515 |
| 100 1# - MAIN ENTRY--PERSONAL NAME | |
| Personal name | Saltz, Daniel. |
| 245 12 - TITLE STATEMENT | |
| Title | A short calculus: |
| Remainder of title | an applied approach. |
| 250 ## - EDITION STATEMENT | |
| Edition statement | Rev. ed. |
| 260 ## - PUBLICATION, DISTRIBUTION, ETC. | |
| Place of publication, distribution, etc. | Pacific Palisades, Calif., |
| Name of publisher, distributor, etc. | Goodyear Pub. Co. |
| Date of publication, distribution, etc. | [1974] |
| 300 ## - PHYSICAL DESCRIPTION | |
| Extent | xii, 433 p. |
| Other physical details | illus. |
| Dimensions | 25 cm. |
| 505 ## - FORMATTED CONTENTS NOTE | |
| Formatted contents note | Functions and Graphs (Page-1) Limits the Derivative (Page-25) Applications of the Derivative (Page-80) Supplementary Topics (Page-106) The Integral as an Area (Page-117) Sequences Exponential and Logarithmic Functions (Page-139) More on Integration (Page-170)Taylor Polynomials and series (Page-222) Multivariable Calculus (Page-235) The Trigonometric Functions (Page-290). |
| 538 ## - SYSTEM DETAILS NOTE | |
| System details note | Almirah No. 13 and Shelf No. 2 |
| 650 #0 - SUBJECT ADDED ENTRY--TOPICAL TERM | |
| Topical term or geographic name entry element | Calculus. |
| 942 ## - ADDED ENTRY ELEMENTS (KOHA) | |
| Source of classification or shelving scheme | |
| Koha item type | Book |
| Withdrawn status | Lost status | Source of classification or shelving scheme | Damaged status | Not for loan | Collection code | Permanent Location | Current Location | Date acquired | Total Checkouts | Full call number | Barcode | Date last seen | Price effective from | Koha item type |
|---|---|---|---|---|---|---|---|---|---|---|---|---|---|---|
| Military College of Signals (MCS) | Military College of Signals (MCS) | 12/12/2016 | 515 RAT | MCS7451 | 12/08/2016 | 12/12/2016 | Book |
